{"text_format":"3","workbook":"xlsx","n_sheets":5,"sheets":["7 кл.","8 кл.","9 кл.","10 кл.","11 кл."],"not_rendered":{"defined_names":5},"read":"whole","date_system":"1900"}

{"sheet":"7 кл.","index":0,"n_rows":4,"n_cols":14,"rows_kept":4,"merged":[[0,0,0,13]]}
["Протокол по итогам муниципального этапа РОШ по предмету \"ПРАВО\" Нижнекамского муниципального района в 2023-2024 учебном году"]
[]
["№","Фамилия","Имя","Отчество","Пол","Класс","Класс участия","Первичный балл","Добавлено по итогам апелляции","Итоговый балл","Макс. балл","Статус","Призер РЭ прошлого года","Учитель"]
[1,"Ахметшин","Рамир","Русланович","м",7,7,5,null,null,100,null,"нет","Ильясов Айнур Ильясович"]

{"sheet":"8 кл.","index":1,"n_rows":20,"n_cols":14,"rows_kept":20,"merged":[[0,0,0,13]]}
["Протокол по итогам муниципального этапа РОШ по предмету \"ПРАВО\" Нижнекамского муниципального района в 2023-2024 учебном году"]
[]
["№","Фамилия","Имя","Отчество","Пол","Класс","Класс участия","Первичный балл","Добавлено по итогам апелляции","Итоговый балл","Макс. балл","Статус","Призер РЭ прошлого года","Учитель"]
[1,"Лукоянова","Валерия","Александровна","ж",8,8,93,null,null,100,null,"нет","Галиахметов Артур Каримович"]
[2,"Кириллова","Полина","Олеговна","ж",8,8,56,null,null,100,null,"нет","Бурмистрова Екатерина Александровна"]
[3,"Складчиков","Данила","Сергеевич","м",8,8,45,null,null,100,null,"нет","Ильясов Айнур Ильясович"]
[4,"Мухамедшин","Самат","Мансурович","м",8,8,36.5,null,null,100,null,"нет","Шакирова Энже Каримовна"]
[5,"Андреева","Анна","Андреева","ж",8,8,26,null,null,100,null,"нет","Кацева Айгуль Рустемовна"]
[6,"Мартышева","Кира","Ильдаровна","ж",8,8,24.5,null,null,100,null,"нет","Афиногентова Ангелина Александровна"]
[7,"Буланов","Александр","Алексеевич","м",8,8,23,null,null,100,null,"нет","Галиахметов Артур Каримович"]
[8,"Гилязова","Аделя","Ильгамовна","ж",8,8,20.5,null,null,100,null,"нет","Ганиева Ильмира Ильгамовна"]
[9,"Хафизов","Тимур","Альбертович","м",8,8,20,null,null,100,null,"нет","Ильясов Айнур Ильясович"]
[10,"Ряскин","Иван","Андреевич","м",8,8,19.5,null,null,100,null,"нет","Адиатова Ольга Николаевна"]
[11,"Харитонова","Александра","Михайловна","ж",8,8,17.5,null,null,100,null,"нет","Березникова Дарья Александровна"]
[12,"Подболоцкая","Виктория","Владиславовна","ж",8,8,15,null,null,100,null,"нет","Афиногентова Ангелина Александровна"]
[13,"Насыбуллина","Ильвина","Фаргатовна","ж",8,8,11,null,null,100,null,"нет","Гурьянова Светлана Анатольевна"]
[14,"Николаева","Алина","Дмитриевна","ж",8,8,11,null,null,100,null,"нет","Услугина Светлана Петровна"]
[15,"Хасанова","Айсылу","Айдаровна","ж",8,8,11,null,null,100,null,"нет","Обуховская Ирина Николаевна"]
[16,"Вирц","Марика","Владимировна","ж",8,8,10,null,null,100,null,"нет","Обуховская Ирина Николаевна"]
[17,"Хохлов","Владимир","Александрович","м",8,8,6.5,null,null,100,null,"нет","Кацева Айгуль Рустемовна"]

{"sheet":"9 кл.","index":2,"n_rows":17,"n_cols":14,"rows_kept":17,"merged":[[0,0,0,13]]}
["Протокол по итогам муниципального этапа ВсОШ по предмету \"ПРАВО\" Нижнекамского муниципального района в 2023-2024 учебном году"]
[]
["№","Фамилия","Имя","Отчество","Пол","Класс","Класс участия","Первичный балл","Добавлено по итогам апелляции","Итоговый балл","Макс. балл","Статус","Призер РЭ прошлого года","Учитель"]
[1,"Фазлеева","Амира","Дамировна","ж",9,9,40.5,null,null,100,null,"нет","Шакирова Энже Каримовна"]
[2,"Беспалова","Эльвира","Игоревна","ж",9,9,38,null,null,100,null,null,"Шакирова Энже Каримовна"]
[3,"Сажнева","Карина","Александровна","ж",9,9,34.5,null,null,100,null,null,"Степанов Бронислав Анатольевич"]
[4,"Романчук","Карина","Эдуардовна","ж",9,9,31.5,null,null,100,null,null,"Березникова Дарья Александровна"]
[5,"Почкалина","Дарья","Александровна","ж",9,9,31,null,null,100,null,null,"Никитина Людмила Александровна"]
[6,"Рахимова","Лилия","Ильшатовна","ж",9,9,26.5,null,null,100,null,null,"Шакирова Энже Каримовна"]
[7,"Атняшева","Гузель","Ришатовна","ж",9,9,26,null,null,100,null,null,"Фунтикова Энза Николаевна"]
[8,"Резяпова","Радмила","Ильдаровна","ж",9,9,24.5,null,null,100,null,null,"Услугина Светлана Петровна"]
[9,"Пещеров","Егор","Геннадьевич","м",9,9,21.5,null,null,100,null,null,"Ахметзянова Ольга Евгеньевна"]
[10,"Абрамова","Анастасия","Сергеевна","ж",9,9,21,null,null,100,null,null,"Фунтикова Энза Николаевна"]
[11,"Габдраупов","Тимур","Ильшатович","м",9,9,17.5,null,null,100,null,null,"Адиатова Ольга Николаевна"]
[12,"Соснова","Карина","Андреевна","ж",9,9,10,null,null,100,null,null,"Валиева Елена Анатольевна"]
[13,"Афанасьева","Виктория","Дмитриевна","ж",9,9,9,null,null,100,null,null,"Пискарев Иван Николаевич"]
[14,"Башарова","Алия","Ильшатовна","ж",9,9,3,null,null,100,null,null,"Валиева Елена Анатольевна"]

{"sheet":"10 кл.","index":3,"n_rows":26,"n_cols":14,"rows_kept":26,"merged":[[0,0,0,13]]}
["Протокол по итогам муниципального этапа ВсОШ по предмету \"ПРАВО\" Нижнекамского муниципального района в 2023-2024 учебном году"]
[]
["№","Фамилия","Имя","Отчество","Пол","Класс","Класс участия","Первичный балл","Добавлено по итогам апелляции","Итоговый балл","Макс. балл","Статус","Призер РЭ прошлого года","Учитель"]
[1,"Шакуров","Айзат","Рифатович","м",10,10,90.5,null,null,100,null,"нет","Ильясов Айнур Ильясович"]
[2,"Тюрина","Мария","Анатольевна","ж",10,10,84,null,null,100,null,"нет","Валиева Елена Анатольевна"]
[3,"Натуралов","Станислав","Викторович","м",10,10,79,null,null,100,null,"нет","Кириллова Юлия Анатольевна"]
[4,"Киямутдинов","Камиль","Айратович","м",10,10,72,null,null,100,null,"нет","Ильясов Айнур Ильясович"]
[5,"Хайруллова","Аделина","Рамилевна","ж",10,10,35,null,null,100,null,"нет","Шакирова Энже Каримовна"]
[6,"Давлетшин","Даниэль","Аликович","м",10,10,30,null,null,100,null,"нет","Имамиева Фания Ильсуровна"]
[7,"Ахмедзянова","Самира","Радиковна","ж",10,10,26,null,null,100,null,"нет","Бурмистрова Екатерина Александровна"]
[8,"Кондратьева","Камилла","Вадимовна","ж",10,10,26,null,null,100,null,"нет","Степанов Бронислав Анатольевич"]
[9,"Тачанская","Ксения","Игоревна","ж",10,10,21,null,null,100,null,"нет","Ахмерова Динара Рафиковна"]
[10,"Зайдуллина","Алия","Федаиловна","ж",10,10,20.5,null,null,100,null,"нет","Шакирова Энже Каримовна"]
[11,"Шишкин","Вадим","Дмитриевич","м",10,10,20.5,null,null,100,null,"нет","Булычева Светлана Владимировна"]
[12,"Потапов","Артур","Ильшатович","м",10,10,18.5,null,null,100,null,"нет","Сорокина Екатерина Анатольевна"]
[13,"Жуков","Глеб","Юрьевич","м",10,10,18,null,null,100,null,"нет","Ельцова Ирина Викторовна"]
[14,"Конькова","Анна","Алексеевна","ж",10,10,18,null,null,100,null,"нет","Бирюкова Заира Маджлумовна"]
[15,"Хайброва","Альмира","Маратовна","ж",10,10,17.5,null,null,100,null,"нет","Шакирова Энже Каримовна"]
[16,"Карасев","Вадим","Сергеевич","м",10,10,17,null,null,100,null,"нет","Алимов Виталий Шамильевич"]
[17,"Чибисова","Полина","Сергеевна","ж",10,10,17,null,null,100,null,"нет","Адиатова Ольга Николаевна"]
[18,"Гатина","Рената","Азатовна","ж",10,10,16.5,null,null,100,null,"нет","Булычева Светлана Владимировна"]
[19,"Буланова","Диана","Антоновна","ж",10,10,14.5,null,null,100,null,"нет","Услугина Светлана Петровна"]
[20,"Вафина","Зубаржат","Джадатовна","ж",10,10,13,null,null,100,null,"нет","Валиева Елена Анатольевна"]
[21,"Землякова","Валерия","Игоревна","ж",10,10,12.5,null,null,100,null,"нет","Бобкова Светлан Васильевна"]
[22,"Валеева","Анастасия","Сергеевна","ж",10,10,8,null,null,100,null,"нет","Гурьянова Светлана Анатольевна"]
[23,"Филиппова","Неонилла","Олеговна","ж",10,10,8,null,null,100,null,"нет","Гиниятуллина Альфия Танзильевна"]

{"sheet":"11 кл.","index":4,"n_rows":19,"n_cols":14,"rows_kept":19,"merged":[[0,0,0,13]]}
["Протокол по итогам муниципального этапа ВсОШ по предмету \"ПРАВО\" Нижнекамского муниципального района в 2023-2024 учебном году"]
[]
["№","Фамилия","Имя","Отчество","Пол","Класс","Класс участия","Первичный балл","Добавлено по итогам апелляции","Итоговый балл","Макс. балл","Статус","Призер РЭ прошлого года","Учитель"]
[1,"Каменщикова","Ярослава","Эдуардовна","ж",11,11,92,null,null,100,null,"Да","Афиногентова Ангелина Александровна"]
[2,"Евдокимова","Алина","Дмитриевна","ж",11,11,49.5,null,null,100,null,"нет","Фунтикова Энза Николаевна"]
[3,"Шарипова","Резеда","Фердинантовна","ж",11,11,47,null,null,100,null,"нет","Муратова Лариса Миншаеховна"]
[4,"Юртова","Анастасия","Петровна","ж",11,11,41,null,null,100,null,"нет","Савельева Ольга Ивановна"]
[5,"Осипова","Диана","Николаевна","ж",11,11,38.5,null,null,100,null,"нет","Лаврентьева Ольга Владимировна"]
[6,"Гатина","Рената","Рустамовна","ж",11,11,33,null,null,100,null,"нет","Ахмерова Динара Рафиковна"]
[7,"Пшеворская","Валерия","Александровна","ж",11,11,28,null,null,100,null,"нет","Ибрагимова Эльмира Шафиковна"]
[8,"Закирова","Алия","Альбертовна","ж",11,11,24,null,null,100,null,"нет","Степанов Бронислав Анатольевич"]
[9,"Сафина","Земфира","Рустамовна","ж",11,11,23.5,null,null,100,null,"нет","Бирюкова Заира Маджлумовна"]
[10,"Гайнуллина","Камиля","Ильдаровна","ж",11,11,21,null,null,100,null,"нет","Степанов Бронислав Анатольевич"]
[11,"Чернова","Яна","Васильевна","ж",11,11,20,null,null,100,null,"нет","Валиева Елена Анатольевна"]
[12,"Ильгузин","Павел","Вадимович","м",11,11,19,null,null,100,null,"нет","Адиатова Ольга Николаевна"]
[13,"Кузьмина","Карина","Валентиновна","ж",11,11,19,null,null,100,null,"нет","Валиева Елена Анатольевна"]
[14,"Конюхов","Матвей","Олегович","м",11,11,17.5,null,null,100,null,"нет","Услугина Светлана Петровна"]
[15,"Ишмухаметов","Марсель","Маратович","м",11,11,16.5,null,null,100,null,"нет","Березникова Дарья Александровна"]
[16,"Гиниятуллина","Алина","Ренатовна","ж",11,11,11,null,null,100,null,"нет","Гурьянова Светлана Анатольевна"]